00225nam a2200097Ia 4500008004100000041001200041082000700053245004900060260000900109650000900118221030s9999 xx 000 0 und d aEnglish bBE 0aPeter Norton`s Guide to Java ProgrammingbCD c1997 aBook